Normal view
MARC view
- بشايرة، محمود خالد سليمان تأليف
Entry Personal Name
001 - CONTROL NUMBER
- control field: 27153
003 - CONTROL NUMBER IDENTIFIER
- control field: JO-AjAnu
005 - DATE AND TIME OF LATEST TRANSACTION
- control field: 20230606074621.0
008 - FIXED-LENGTH DATA ELEMENTS
- fixed length control field: 230606|| aca||aabn | a|a d
040 ## - CATALOGING SOURCE
- Original cataloging agency: JO-AjAnu
- Transcribing agency: JO-AjAnu
100 ## - HEADING--PERSONAL NAME
- Personal name: بشايرة، محمود خالد سليمان تأليف
670 ## - SOURCE DATA FOUND
- Source citation: Work cat.: (JO-AjAnu)13946: بشايرة، محمود خالد سليمان تأليف, author, التربية الفنية وتنمية التفكير:اتجاهات حديثة في التدريس = Art education & development of thinking